Statystyki dla Państwa w których wyznawcy islamu stanowią ponad 90%

Kliknij tutaj aby rozwiązać quiz!

Ogólne statystyki

  • Ten quiz został rozwiązany 261 razy
    (203 od ostatniego zresetowania)
  • Średni wynik to 22 z 32

Statystyki odpowiedzi

NumerPaństwo% Poprawnych
17Arabia Saudyjska
92%
7Egipt
89%
19Iran
89%
20Turcja
89%
18Irak
87%
2Maroko
86%
5Tunezja
84%
23Pakistan
83%
16Jemen
82%
4Algieria
81%
24Afganistan
80%
6Libia
80%
21Syria
76%
11Niger
75%
25Turkmenistan
75%
14Somalia
74%
8Sudan
74%
9Czad
72%
33Tadżykistan
72%
28Kirgistan
71%
26Uzbekistan
71%
29Azerbejdżan
70%
27Kazachstan
69%
32Indonezja
67%
10Mali
67%
1Mauretania
67%
12Senegal
59%
31Bangladesz
44%
30Armenia
43%
22Kosowo
36%
13Gwinea
33%
15Somaliland
4%

Rozkład punktacji

Percentyl według liczby udzielonych odpowiedzi

Procent ludzi z każdym wynikiem

Twoja historia wyników

Nie rozwiązałeś tego quizu od ostatniego zresetowania